| 000 | 00516nam a2200193Ia 4500 | ||
|---|---|---|---|
| 005 | 20250923150011.0 | ||
| 008 | 008 250917s9999 xx 000 0 eng d | ||
| 037 | _aTextual | ||
| 040 |
_aDSWL _beng _cDSWL |
||
| 041 |
_aeng _2eng |
||
| 084 | _qDSWL | ||
| 100 |
_aHurlock, Elizabeth _9841156 |
||
| 245 | 0 |
_aChild development _c by Elizabeth Hurlock |
|
| 250 | _aVIth Ed. | ||
| 260 |
_aNew Delhi _bTata Mcgraw Hill Pub. Comp. Ltd. _c1998 |
||
| 300 | _a570 p. | ||
| 942 | _cTEXL | ||
| 999 |
_c1458350 _d1458350 |
||